000 00847nam a22002177a 4500
008 090821t xxu||||| |||| 00| 0 eng d
010 _aB-355794
020 _c290-00
035 _aB-355794
037 _aUBH
_bRP/CL/E;18/82/13-08-09/19-08-09/20-08-09
040 _adpl
_beng
082 _a000
100 _aGulati,S.L
245 _aGuide to BBA/BBS Entrance Examination/
_cby S.L.Gulati,Sanjay Kumar Sharma &Khaleeq Ahmed
260 _aNew Delhi
_bBookhive
_c2009
270 _aCB-349 Ring Road Naraina
_bNew Delhi
_e110028
_k25778295
_mbookhive@yahoo.com
300 _a650pgs
_c24cm
942 _2ddc
_cEN
_h000
_mGUL
999 _c29363
_d29363